[Event "FICGS W-ch st1 g01 email"]
[Site "FICGS email"]
[Date "2015.07.02"]
[Round "1"]
[White "Ellis, Maurice"]
[Black "Dyson, John"]
[Result "0-1"]
[WhiteElo "1820"]
[BlackElo "1990"]
[PlyCount "80"]
[EventDate "2015.??.??"]
[EventType "tourn (corr)"]
[EventRounds "8"]
[SourceTitle "Corr 2022"]
[Source "ChessBase"]
[SourceDate "2021.10.24"]
[SourceVersion "1"]
[SourceVersionDate "2021.10.24"]
[SourceQuality "1"]

1. d4 d5 2. c4 c6 3. Nf3 Nf6 4. cxd5 cxd5 5. Nc3 Nc6 6. Bf4 Bf5 7. Qb3 Na5 8. Qa4+ Bd7 9. Qc2 e6 10. e3 Rc8 11. Bd3 Be7 12. 0-0 Nc6 13. a3 Nh5 14. Bg3 Nxg3 15. hxg3 g5 16. e4 g4 17. exd5 gxf3 18. dxc6 Bxc6 19. Be4 Qxd4 20. Rad1 Bxe4 21. Qxe4 Qxe4 22. Nxe4 fxg2 23. Kxg2 h5 24. Rc1 0-0 25. Rfd1 Rxc1 26. Rxc1 f5 27. Nd2 Bf6 28. b4 Rd8 29. Nf3 Rd7 30. a4 a6 31. Rc5 Kg7 32. b5 Be7 33. Ne5 Bxc5 34. Nxd7 Bd6 35. Nb6 axb5 36. axb5 e5 37. Nc4 Bc7 38. Ne3 Kg6 39. Kf3 e4+ 40. Kg2 Be5 0-1

[Event "FICGS theme 0001 email"]
[Site "FICGS email"]
[Date "2015.05.10"]
[Round "1"]
[White "Ellis, Maurice"]
[Black "Hilbert, Stephan"]
[Result "1-0"]
[WhiteElo "1820"]
[BlackElo "1716"]
[PlyCount "49"]
[EventDate "2015.??.??"]
[EventType "swiss (corr)"]
[EventRounds "1"]
[SourceTitle "Corr 2022"]
[Source "ChessBase"]
[SourceDate "2021.10.24"]
[SourceVersion "1"]
[SourceVersionDate "2021.10.24"]
[SourceQuality "1"]

1. d4 d5 2. c4 e6 3. Nc3 c6 4. Nf3 dxc4 5. a4 Bb4 6. e4 Nf6 7. Qc2 Qa5 8. Bd2 0-0 9. Bxc4 Nbd7 10. e5 Nd5 11. 0-0 N7b6 12. Bd3 h6 13. Qc1 Nxc3 14. bxc3 Be7 15. c4 Qa6 16. a5 Nd7 17. Bxh6 f5 18. exf6 Bxf6 19. Qe3 Nc5 20. dxc5 Bxa1 21. Rxa1 b5 22. Bxg7 Kxg7 23. Qg5+ Kf7 24. Ne5+ Ke8 25. Bg6+ 1-0

[Event "FICGS theme 0001 email"]
[Site "FICGS email"]
[Date "2015.05.10"]
[Round "1"]
[White "Ellis, Maurice"]
[Black "Ramos, Francisco Miguel R"]
[Result "1-0"]
[WhiteElo "1820"]
[BlackElo "1615"]
[PlyCount "33"]
[EventDate "2015.??.??"]
[EventType "swiss (corr)"]
[EventRounds "1"]
[SourceTitle "Corr 2022"]
[Source "ChessBase"]
[SourceDate "2021.10.24"]
[SourceVersion "1"]
[SourceVersionDate "2021.10.24"]
[SourceQuality "1"]

1. d4 d5 2. c4 e6 3. Nc3 c6 4. Nf3 dxc4 5. a4 Nf6 6. e3 Bd6 7. Bxc4 0-0 8. 0-0 b6 9. e4 Bb4 10. e5 Nd5 11. Qc2 h6 12. Ba2 Bb7 13. Nxd5 exd5 14. Bb1 g6 15. Bxh6 Re8 16. Ng5 Bf8 17. Nxf7 1-0

[Event "FICGS theme 0001 email"]
[Site "FICGS email"]
[Date "2015.05.10"]
[Round "1"]
[White "Foster, Duncan"]
[Black "Ellis, Maurice"]
[Result "0-1"]
[WhiteElo "1482"]
[BlackElo "1820"]
[PlyCount "56"]
[EventDate "2015.??.??"]
[EventType "swiss (corr)"]
[EventRounds "1"]
[SourceTitle "Corr 2022"]
[Source "ChessBase"]
[SourceDate "2021.10.24"]
[SourceVersion "1"]
[SourceVersionDate "2021.10.24"]
[SourceQuality "1"]

1. d4 d5 2. c4 e6 3. Nc3 c6 4. Nf3 dxc4 5. Bg5 Nf6 6. e4 b5 7. e5 h6 8. Bh4 g5 9. Bg3 Nd5 10. Nd2 Nd7 11. Be2 Bb7 12. a4 a6 13. 0-0 Be7 14. Nde4 0-0 15. Nd6 Bxd6 16. exd6 c5 17. Ne4 cxd4 18. Qxd4 f5 19. axb5 axb5 20. Nc5 Nxc5 21. Qxc5 f4 22. Bxf4 Nxf4 23. Bg4 Bxg2 24. Rfd1 Bd5 25. Rxa8 Qxa8 26. h4 Bh1 27. f3 Bxf3 28. Bxf3 Qxf3 0-1

[Event "FICGS theme 0001 email"]
[Site "FICGS email"]
[Date "2015.05.10"]
[Round "1"]
[White "Simmelink, Joop Theo"]
[Black "Ellis, Maurice"]
[Result "1-0"]
[WhiteElo "2313"]
[BlackElo "1820"]
[PlyCount "67"]
[EventDate "2015.??.??"]
[EventType "swiss (corr)"]
[EventRounds "1"]
[SourceTitle "Corr 2022"]
[Source "ChessBase"]
[SourceDate "2021.10.24"]
[SourceVersion "1"]
[SourceVersionDate "2021.10.24"]
[SourceQuality "1"]

1. d4 d5 2. c4 e6 3. Nc3 c6 4. Nf3 dxc4 5. a4 Bb4 6. e4 b5 7. Bg5 Qb6 8. Be2 h6 9. Be3 Qb7 10. 0-0 Nf6 11. Nd2 0-0 12. f4 a5 13. Bf3 Na6 14. axb5 cxb5 15. e5 Nd5 16. Bxd5 exd5 17. f5 f6 18. e6 Bxc3 19. bxc3 b4 20. Qg4 bxc3 21. Nf3 Nb4 22. Bxh6 Nd3 23. Nh4 Re8 24. Qh5 Bxe6 25. fxe6 Rxe6 26. Nf5 gxh6 27. Nxh6+ Kf8 28. Nf5 Qf7 29. Qh6+ Kg8 30. Qh3 Kf8 31. Rfb1 Nb2 32. Qxc3 Nd3 33. Qa3+ Re7 34. Rb6 1-0

[Event "FICGS theme 0001 email"]
[Site "FICGS email"]
[Date "2015.05.10"]
[Round "1"]
[White "Sternik, Ryszard"]
[Black "Ellis, Maurice"]
[Result "1-0"]
[WhiteElo "1789"]
[BlackElo "1820"]
[PlyCount "87"]
[EventDate "2015.??.??"]
[EventType "swiss (corr)"]
[EventRounds "1"]
[SourceTitle "Corr 2022"]
[Source "ChessBase"]
[SourceDate "2021.10.24"]
[SourceVersion "1"]
[SourceVersionDate "2021.10.24"]
[SourceQuality "1"]

1. d4 d5 2. c4 e6 3. Nc3 c6 4. Nf3 dxc4 5. a4 Bb4 6. e3 b5 7. Bd2 Bxc3 8. Bxc3 Qd5 9. Be2 Nf6 10. Nd2 Bb7 11. b3 cxb3 12. Bf3 Qd7 13. Nxb3 Nd5 14. Nc5 Qc8 15. Ba5 Nd7 16. Rc1 Nxc5 17. Rxc5 a6 18. e4 Ne7 19. 0-0 0-0 20. Qb3 Qd7 21. Rd1 Rfe8 22. h4 Rab8 23. h5 h6 24. Bg4 Qd6 25. Be2 Ra8 26. Bf3 Reb8 27. Rd3 Rc8 28. Bd1 Kh8 29. Rd2 Rf8 30. Bc2 f6 31. Rd1 Rf7 32. Bb4 Qd7 33. a5 Re8 34. Qg3 Bc8 35. Rc3 Qd8 36. Qf4 f5 37. Rc5 Bd7 38. Re5 Kg8 39. Re1 c5 40. Rxc5 Nc6 41. Qd2 Nxb4 42. Qxb4 fxe4 43. Bxe4 Ref8 44. f3 1-0

[Event "FICGS theme 0001 email"]
[Site "FICGS email"]
[Date "2015.05.01"]
[Round "1"]
[White "Andreoni, Mario"]
[Black "Ellis, Maurice"]
[Result "0-1"]
[WhiteElo "1786"]
[BlackElo "1800"]
[PlyCount "54"]
[EventDate "2015.??.??"]
[EventType "swiss (corr)"]
[EventRounds "1"]
[SourceTitle "Corr 2022"]
[Source "ChessBase"]
[SourceDate "2021.10.24"]
[SourceVersion "1"]
[SourceVersionDate "2021.10.24"]
[SourceQuality "1"]

1. e4 e6 2. d4 d5 3. Nc3 dxe4 4. Nxe4 e5 5. d5 f5 6. Ng3 Nf6 7. Nf3 e4 8. Ne5 Qxd5 9. Qxd5 Nxd5 10. Bc4 c6 11. Bb3 a5 12. 0-0 Bd6 13. Nc4 Bc7 14. Na3 Nf6 15. Bg5 a4 16. Bxf6 gxf6 17. Bc4 h5 18. Rfe1 Be5 19. c3 h4 20. Nh1 b5 21. Bf1 Be6 22. Re2 Na6 23. Nc2 0-0-0 24. a3 Nc5 25. Nb4 Kb7 26. g3 Bc4 27. Ree1 Bxf1 0-1

[Event "FICGS theme 0001 email"]
[Site "FICGS email"]
[Date "2015.03.06"]
[Round "1"]
[White "Ramos, Francisco Miguel R"]
[Black "Ellis, Maurice"]
[Result "0-1"]
[WhiteElo "1592"]
[BlackElo "1800"]
[PlyCount "66"]
[EventDate "2015.??.??"]
[EventType "swiss (corr)"]
[EventRounds "1"]
[SourceTitle "Corr 2022"]
[Source "ChessBase"]
[SourceDate "2021.10.24"]
[SourceVersion "1"]
[SourceVersionDate "2021.10.24"]
[SourceQuality "1"]

1. Nf3 d5 2. b3 c5 3. e4 dxe4 4. Ne5 a6 5. Bb2 Nd7 6. Qh5 g6 7. Qh4 Bg7 8. Qf4 Nxe5 9. Bxe5 Bxe5 10. Qxe5 Qd4 11. Qxd4 cxd4 12. Na3 Be6 13. Bc4 Bxc4 14. Nxc4 b5 15. Ne5 Rc8 16. f3 f6 17. Ng4 f5 18. Nf2 e3 19. dxe3 dxe3 20. Nd1 f4 21. Rc1 Nf6 22. c4 bxc4 23. Rxc4 Rxc4 24. bxc4 Kf7 25. Ke2 Rb8 26. g3 e5 27. Kd3 Rd8+ 28. Kc3 e4 29. gxf4 e2 30. Nf2 exf3 31. Rb1 Ke6 32. c5 Kf5 33. c6 Kxf4 0-1

[Event "FICGS theme 0001 email"]
[Site "FICGS email"]
[Date "2015.03.06"]
[Round "1"]
[White "Sternik, Ryszard"]
[Black "Ellis, Maurice"]
[Result "0-1"]
[WhiteElo "1856"]
[BlackElo "1800"]
[PlyCount "48"]
[EventDate "2015.??.??"]
[EventType "swiss (corr)"]
[EventRounds "1"]
[SourceTitle "Corr 2022"]
[Source "ChessBase"]
[SourceDate "2021.10.24"]
[SourceVersion "1"]
[SourceVersionDate "2021.10.24"]
[SourceQuality "1"]

1. Nf3 d5 2. b3 c5 3. e4 dxe4 4. Ne5 a6 5. Be2 Nf6 6. Bb2 g6 7. d3 exd3 8. Qxd3 Qc7 9. Nd2 Bg7 10. 0-0-0 Nbd7 11. Ndc4 b5 12. Nxd7 Bxd7 13. Ne5 c4 14. bxc4 Bf5 15. Qa3 0-0 16. Bf3 bxc4 17. Nc6 Rab8 18. Nxe7+ Kh8 19. Nxf5 gxf5 20. Bd4 Rfd8 21. c3 Ne4 22. Bxe4 Bxd4 23. cxd4 c3 24. Bf3 c2 0-1

[Event "FICGS theme 0001 email"]
[Site "FICGS email"]
[Date "2015.03.06"]
[Round "1"]
[White "Zmolil, Josef"]
[Black "Ellis, Maurice"]
[Result "0-1"]
[WhiteElo "1358"]
[BlackElo "1800"]
[PlyCount "20"]
[EventDate "2015.??.??"]
[EventType "swiss (corr)"]
[EventRounds "1"]
[SourceTitle "Corr 2022"]
[Source "ChessBase"]
[SourceDate "2021.10.24"]
[SourceVersion "1"]
[SourceVersionDate "2021.10.24"]
[SourceQuality "1"]

1. Nf3 d5 2. b3 c5 3. e4 dxe4 4. Ne5 a6 5. d3 Nf6 6. Bb2 Qd5 7. c4 Qe6 8. dxe4 Nbd7 9. f4 Nxe5 10. fxe5 Nxe4 0-1

[Event "FICGS theme 0001 email"]
[Site "FICGS email"]
[Date "2015.01.18"]
[Round "1"]
[White "Ellis, Maurice"]
[Black "Pech, Jaroslav Sr"]
[Result "1-0"]
[WhiteElo "1868"]
[BlackElo "952"]
[PlyCount "25"]
[EventDate "2015.??.??"]
[EventType "swiss (corr)"]
[EventRounds "1"]
[SourceTitle "Corr 2022"]
[Source "ChessBase"]
[SourceDate "2021.10.24"]
[SourceVersion "1"]
[SourceVersionDate "2021.10.24"]
[SourceQuality "1"]

1. Nf3 d5 2. b3 c5 3. e4 dxe4 4. Ng5 Nf6 5. Nc3 Bf5 6. Bb5+ Nbd7 7. Qe2 e6 8. Ngxe4 Be7 9. 0-0 0-0 10. Bb2 Rc8 11. Ng3 Bg6 12. Nce4 Nxe4 13. Nxe4 1-0

[Event "FICGS W-ch st1 g01 email"]
[Site "FICGS email"]
[Date "2014.11.30"]
[Round "1"]
[White "Ellis, Maurice"]
[Black "Lipsits, Sasha"]
[Result "0-1"]
[WhiteElo "1884"]
[BlackElo "1785"]
[PlyCount "90"]
[EventDate "2014.??.??"]
[EventType "tourn (corr)"]
[EventRounds "8"]
[SourceTitle "Corr 2022"]
[Source "ChessBase"]
[SourceDate "2021.10.24"]
[SourceVersion "1"]
[SourceVersionDate "2021.10.24"]
[SourceQuality "1"]

1. e4 e5 2. Nf3 Nc6 3. Bb5 a6 4. Ba4 Nf6 5. 0-0 Bc5 6. c3 Ba7 7. d4 0-0 8. Bg5 h6 9. Bxf6 Qxf6 10. Bxc6 Qxc6 11. Nbd2 d6 12. dxe5 dxe5 13. Nxe5 Qb5 14. Nec4 Rd8 15. Qc2 Bg4 16. Rfe1 Rd7 17. Ne3 Rad8 18. Ndf1 Bxe3 19. Nxe3 Rd2 20. Qc1 Bh5 21. b3 Qc5 22. b4 Qg5 23. Nf1 Bf3 24. g3 R2d3 25. Qxg5 hxg5 26. Rac1 g4 27. e5 Re8 28. Rc2 f6 29. c4 Rxe5 30. Rxe5 fxe5 31. Ne3 Kf7 32. Kf1 Ke6 33. Ke1 Rd8 34. Kf1 Rh8 35. Kg1 Rd8 36. Kf1 Rh8 37. Kg1 a5 38. bxa5 Ra8 39. h3 gxh3 40. Kh2 g5 41. g4 Be4 42. Rb2 Rxa5 43. Kxh3 b6 44. Rd2 Ra3 45. Kg3 Bd3 0-1

[Event "FICGS rapid B 000220 email"]
[Site "FICGS email"]
[Date "2014.10.31"]
[Round "1"]
[White "Ellis, Maurice"]
[Black "Domingo Gadea, Jordi"]
[Result "0-1"]
[WhiteElo "1884"]
[BlackElo "1844"]
[PlyCount "50"]
[EventDate "2014.??.??"]
[EventType "tourn (rapid)"]
[EventRounds "6"]
[SourceTitle "Corr 2022"]
[Source "ChessBase"]
[SourceDate "2021.10.24"]
[SourceVersion "1"]
[SourceVersionDate "2021.10.24"]
[SourceQuality "1"]

1. Nf3 h6 2. e4 c5 3. Bc4 Nc6 4. 0-0 e6 5. Nc3 g5 6. Qe2 a6 7. a4 Bg7 8. Qe3 b6 9. Bb3 Nge7 10. d3 Nd4 11. Nd2 f5 12. Qg3 0-0 13. h4 Nec6 14. hxg5 f4 15. Qg4 Qxg5 16. Qxg5 hxg5 17. Nc4 Rb8 18. Rd1 Kf7 19. f3 Nxb3 20. cxb3 Bd4+ 21. Kf1 Rh8 22. g3 Rh3 23. gxf4 gxf4 24. Nd2 Bb7 25. Ne2 Rh1+ 0-1

[Event "FICGS W-ch st1 g03 email"]
[Site "FICGS email"]
[Date "2014.03.03"]
[Round "1"]
[White "Ellis, Maurice"]
[Black "Kalapos, Karol"]
[Result "1-0"]
[WhiteElo "1844"]
[BlackElo "1231"]
[PlyCount "37"]
[EventDate "2014.??.??"]
[EventType "tourn (corr)"]
[EventRounds "8"]
[SourceTitle "Corr 2022"]
[Source "ChessBase"]
[SourceDate "2021.10.24"]
[SourceVersion "1"]
[SourceVersionDate "2021.10.24"]
[SourceQuality "1"]

1. d4 e6 2. e4 d5 3. e5 c5 4. c3 Nc6 5. Nf3 Qb6 6. Be2 cxd4 7. cxd4 Nh6 8. Bd3 Bd7 9. Bc2 g6 10. 0-0 Nf5 11. Bxf5 gxf5 12. Nc3 Rg8 13. Rb1 Be7 14. Bf4 Rg4 15. Qd2 0-0-0 16. Rfc1 Rdg8 17. g3 Qa5 18. a3 Kb8 19. Qe3 1-0

[Event "FICGS W-ch st1 g03 email"]
[Site "FICGS email"]
[Date "2014.03.03"]
[Round "1"]
[White "Sorbi, Luca"]
[Black "Ellis, Maurice"]
[Result "1-0"]
[WhiteElo "1923"]
[BlackElo "1844"]
[PlyCount "67"]
[EventDate "2014.??.??"]
[EventType "tourn (corr)"]
[EventRounds "8"]
[SourceTitle "Corr 2022"]
[Source "ChessBase"]
[SourceDate "2021.10.24"]
[SourceVersion "1"]
[SourceVersionDate "2021.10.24"]
[SourceQuality "1"]

1. d4 Nf6 2. c4 e6 3. Nf3 d5 4. Nc3 Bb4 5. Bg5 0-0 6. e3 c5 7. cxd5 exd5 8. dxc5 Nbd7 9. Rc1 Qa5 10. Nd2 Qxc5 11. a3 Bxc3 12. Rxc3 Qb6 13. Qb3 Ne4 14. Qxb6 Nxb6 15. Nxe4 dxe4 16. Be7 Re8 17. Bc5 Be6 18. Bb5 Rec8 19. Kd2 Nd5 20. Rcc1 Rd8 21. Bd4 Ne7 22. Bc4 Bxc4 23. Rxc4 Nc6 24. Ke2 Nxd4+ 25. exd4 f5 26. h3 Rd7 27. g4 Rad8 28. Rd1 g6 29. Ke3 Kg7 30. Rc5 Kf6 31. Rb5 Rf7 32. gxf5 gxf5 33. Kf4 Ke6 34. Re5+ 1-0

[Event "FICGS class C 000204 email"]
[Site "FICGS email"]
[Date "2014.02.24"]
[Round "1"]
[White "Sayers, Michael"]
[Black "Ellis, Maurice"]
[Result "0-1"]
[WhiteElo "1800"]
[BlackElo "1844"]
[PlyCount "46"]
[EventDate "2014.??.??"]
[EventType "tourn (corr)"]
[EventRounds "1"]
[SourceTitle "Corr 2022"]
[Source "ChessBase"]
[SourceDate "2021.10.24"]
[SourceVersion "1"]
[SourceVersionDate "2021.10.24"]
[SourceQuality "1"]

1. e4 c5 2. b4 cxb4 3. a3 e5 4. axb4 Nf6 5. c3 Nxe4 6. Qe2 d5 7. f3 Nd6 8. Qxe5+ Be6 9. Nh3 Nc6 10. Qe2 Be7 11. Nf4 Bf5 12. Nxd5 0-0 13. Nxe7+ Nxe7 14. Kf2 Re8 15. Kg1 Nd5 16. Qf2 Nf4 17. d4 Nd3 18. Qd2 Nc4 19. Qd1 Re1 20. Qxe1 Nxe1 21. Bxc4 Bd3 22. Bxd3 Nxd3 23. Bd2 Qh4 0-1

[Event "FICGS class C 000204 email"]
[Site "FICGS email"]
[Date "2014.02.24"]
[Round "1"]
[White "Suwara, Kazimierz"]
[Black "Ellis, Maurice"]
[Result "1-0"]
[WhiteElo "1834"]
[BlackElo "1844"]
[PlyCount "77"]
[EventDate "2014.??.??"]
[EventType "tourn (corr)"]
[EventRounds "1"]
[SourceTitle "Corr 2022"]
[Source "ChessBase"]
[SourceDate "2021.10.24"]
[SourceVersion "1"]
[SourceVersionDate "2021.10.24"]
[SourceQuality "1"]

1. e4 e5 2. Nf3 Nf6 3. Nxe5 d6 4. Nf3 Nxe4 5. Bd3 Nf6 6. 0-0 Nc6 7. h3 Be7 8. c3 d5 9. Re1 0-0 10. b4 Re8 11. Qc2 Bd6 12. Re3 Ne5 13. Nxe5 Rxe5 14. Rxe5 Bxe5 15. Bf1 d4 16. Na3 c6 17. Nc4 Bc7 18. cxd4 Qxd4 19. Bb2 Qd5 20. Bd3 Be6 21. Bxf6 gxf6 22. Bxh7+ Kh8 23. Ne3 Qe5 24. Re1 Bxh3 25. Kf1 Qh2 26. Be4 Be6 27. Bf5 Kg7 28. b5 cxb5 29. Ke2 Re8 30. Bxe6 Rxe6 31. Qf5 Qf4 32. Qxb5 Bb6 33. a3 Re5 34. Qb4 Re4 35. Qb1 Qg4+ 36. Kf1 Bxe3 37. dxe3 Re7 38. Qb4 Qh5 39. Qxe7 1-0

[Event "FICGS theme 0001 email"]
[Site "FICGS email"]
[Date "2014.02.20"]
[Round "1"]
[White "Ellis, Maurice"]
[Black "Delaney, Alan"]
[Result "0-1"]
[WhiteElo "1844"]
[BlackElo "2045"]
[PlyCount "38"]
[EventDate "2014.??.??"]
[EventType "swiss (corr)"]
[EventRounds "1"]
[SourceTitle "Corr 2022"]
[Source "ChessBase"]
[SourceDate "2021.10.24"]
[SourceVersion "1"]
[SourceVersionDate "2021.10.24"]
[SourceQuality "1"]

1. e4 e5 2. Nf3 Nf6 3. d4 Nxe4 4. Bd3 d5 5. Nxe5 Nd7 6. Nxd7 Bxd7 7. 0-0 Bd6 8. c4 c6 9. cxd5 cxd5 10. Nc3 Nxc3 11. bxc3 0-0 12. Qh5 g6 13. Qxd5 Qc7 14. Bh6 Rfd8 15. g3 Bh3 16. Qb3 Bf8 17. Bg5 Qc6 18. d5 Qxd5 19. Qxd5 Rxd5 0-1

[Event "ZI-2013-0-01709"]
[Site "LSS email"]
[Date "2013.10.29"]
[Round "?"]
[White "Ellis, Maurice"]
[Black "Reede, Arvo"]
[Result "0-1"]
[WhiteElo "1533"]
[BlackElo "1655"]
[PlyCount "82"]
[EventDate "2013.10.17"]
[EventType "match (corr)"]
[EventRounds "2"]
[EventCountry "GER"]
[SourceTitle "Telechess CBM 167"]
[Source "ChessBase"]
[SourceDate "2015.07.13"]
[SourceVersion "1"]
[SourceVersionDate "2015.07.13"]
[SourceQuality "1"]

1. d4 Nf6 2. Nf3 d5 3. c4 e6 4. Nc3 Bb4 5. Bg5 dxc4 6. e4 c5 7. Bxc4 cxd4 8. Nxd4 Qa5 9. Bd2 Qc5 10. Bb5+ Bd7 11. Nb3 Qe7 12. Bd3 Nc6 13. 0-0 0-0 14. a3 Bxc3 15. Bxc3 b6 16. Nd4 Rfd8 17. Nxc6 Bxc6 18. Qe2 e5 19. Rac1 Rac8 20. Ba6 Bb7 21. Bxb7 Qxb7 22. f3 Qe7 23. Bb4 Qe6 24. Rxc8 Rxc8 25. Rd1 h6 26. Qd2 Ne8 27. Qd7 Rc1 28. Qd8 Rxd1+ 29. Qxd1 a5 30. Bc3 Nd6 31. h3 f6 32. Be1 Kf7 33. Bf2 Nc4 34. Qb3 Qc6 35. a4 Ke7 36. Kh2 h5 37. Kg1 Kd7 38. Qd1+ Qd6 39. Qxd6+ Kxd6 40. b3 b5 41. bxc4 b4 0-1

[Event "ZI-2013-0-01671"]
[Site "LSS email"]
[Date "2013.08.26"]
[Round "?"]
[White "Habes, Jiri"]
[Black "Ellis, Maurice"]
[Result "0-1"]
[WhiteElo "1664"]
[BlackElo "1748"]
[PlyCount "138"]
[EventDate "2013.08.16"]
[EventType "match (corr)"]
[EventRounds "2"]
[EventCountry "GER"]
[SourceTitle "Telechess CBM 165"]
[Source "ChessBase"]
[SourceDate "2015.03.11"]
[SourceVersion "1"]
[SourceVersionDate "2015.03.11"]
[SourceQuality "1"]

1. e4 c5 2. Nf3 d6 3. d4 cxd4 4. Nxd4 Nf6 5. Nc3 g6 6. Be3 Bg7 7. f3 0-0 8. Qd2 Nc6 9. 0-0-0 Bd7 10. g4 Rc8 11. Kb1 Ne5 12. h4 h5 13. g5 Ne8 14. f4 Ng4 15. Bg1 e5 16. fxe5 Bxe5 17. Rh3 Bg7 18. Rg3 Nc7 19. a3 Qe7 20. Bc4 Ne5 21. Ba2 Bg4 22. Re1 Qd7 23. a4 Kh7 24. Bb3 f6 25. Qg2 fxg5 26. hxg5 Na6 27. Nd5 Nc5 28. Ba2 Nxa4 29. Be3 Nc4 30. Bxc4 Rxc4 31. c3 Nb6 32. Nf6+ Bxf6 33. gxf6 Rxf6 34. Nc2 Qe6 35. Nd4 Qf7 36. Rxg4 hxg4 37. Qxg4 Kg8 38. Rh1 Rc5 39. Nf5 Rfxf5 40. exf5 Qxf5+ 41. Qxf5 Rxf5 42. Kc2 Nd7 43. Rd1 Rf6 44. Bxa7 Kf7 45. Bd4 Rf3 46. Rh1 Ke6 47. Kd1 Rg3 48. Ke2 Rg2+ 49. Bf2 Ne5 50. b3 Ng4 51. Kf3 Rxf2+ 52. Kxg4 Rg2+ 53. Kf3 Rb2 54. b4 Rc2 55. Re1+ Kd5 56. Rd1+ Kc4 57. Rxd6 b5 58. Rd4+ Kb3 59. Rg4 Rxc3+ 60. Ke2 Rc4 61. Rg1 Kxb4 62. Rxg6 Kb3 63. Kd3 b4 64. Rg7 Rc3+ 65. Kd2 Kb2 66. Rb7 b3 67. Rb8 Rc7 68. Kd3 Ka2 69. Ra8+ Kb1 0-1

[Event "ZI-2013-0-01657"]
[Site "LSS email"]
[Date "2013.08.12"]
[Round "?"]
[White "Ellis, Maurice"]
[Black "Owens, Johnny"]
[Result "0-1"]
[WhiteElo "1748"]
[BlackElo "1930"]
[PlyCount "52"]
[EventDate "2013.08.06"]
[EventType "match (corr)"]
[EventRounds "2"]
[EventCountry "GER"]
[SourceTitle "Telechess CBM 163"]
[Source "ChessBase"]
[SourceDate "2014.11.11"]
[SourceVersion "2"]
[SourceVersionDate "2014.11.11"]
[SourceQuality "1"]

1. e4 e6 2. d4 d5 3. Nc3 Bb4 4. e5 c5 5. a3 Bxc3+ 6. bxc3 Ne7 7. Qg4 0-0 8. Bh6 Nf5 9. Bd2 Qb6 10. Nf3 Qb2 11. Rc1 Nc6 12. dxc5 Qxa3 13. Bd3 f6 14. exf6 Rxf6 15. 0-0 Qxc5 16. Rb1 e5 17. Rb5 Qf8 18. Rxd5 Nfd4 19. Qh4 Nxf3+ 20. gxf3 Bf5 21. Bxf5 Rxf5 22. Be3 Rf6 23. Qe4 Qc8 24. Bg5 Rg6 25. h4 Qe6 26. c4 h6 0-1

[Event "ZI-2013-0-01654"]
[Site "LSS email"]
[Date "2013.08.08"]
[Round "?"]
[White "Bouguern, Abd El Halim"]
[Black "Ellis, Maurice"]
[Result "1-0"]
[WhiteElo "1626"]
[BlackElo "1795"]
[PlyCount "99"]
[EventDate "2013.08.05"]
[EventType "match (corr)"]
[EventRounds "2"]
[EventCountry "GER"]
[SourceTitle "Telechess CBM 163"]
[Source "ChessBase"]
[SourceDate "2014.11.11"]
[SourceVersion "2"]
[SourceVersionDate "2014.11.11"]
[SourceQuality "1"]

1. d4 d5 2. c4 e6 3. Nf3 c6 4. e3 Nf6 5. Nc3 Nbd7 6. Bd3 dxc4 7. Bxc4 b5 8. Be2 Bb7 9. 0-0 b4 10. Na4 Be7 11. a3 a5 12. Qc2 0-0 13. Rd1 c5 14. Nxc5 Nxc5 15. dxc5 Qc7 16. axb4 axb4 17. Bd2 Rxa1 18. Rxa1 Be4 19. Qc4 Qxc5 20. Qxc5 Bxc5 21. Ne5 Rd8 22. Be1 g6 23. Kf1 Bd6 24. Nc4 Bf8 25. f3 Ra8 26. Rxa8 Bxa8 27. Bd2 Nd7 28. Na5 Ne5 29. Bb5 Kg7 30. h3 Be7 31. f4 Bd8 32. Bxb4 Bxa5 33. Bxa5 Bc6 34. Bxc6 Nxc6 35. b4 Na7 36. Ke2 Kf8 37. Kd3 Ke7 38. Kc4 Kd6 39. Bb6 Nc8 40. Kb5 Kd7 41. Bc5 f6 42. g4 h6 43. h4 Kc7 44. g5 hxg5 45. hxg5 fxg5 46. fxg5 Kd7 47. Ka6 Kc6 48. Bf8 Nb6 49. b5+ Kc7 50. Bd6+ 1-0

[Event "OP-2013-0-02930"]
[Site "LSS email"]
[Date "2013.08.08"]
[Round "?"]
[White "Ellis, Maurice"]
[Black "Lenz, Juergen"]
[Result "1-0"]
[WhiteElo "1844"]
[BlackElo "1209"]
[PlyCount "45"]
[EventDate "2013.08.05"]
[EventType "tourn (corr)"]
[EventRounds "4"]
[EventCountry "GER"]
[SourceTitle "Corr 2022"]
[Source "ChessBase"]
[SourceDate "2021.10.24"]
[SourceVersion "1"]
[SourceVersionDate "2021.10.24"]
[SourceQuality "1"]

1. d4 Nf6 2. c4 d6 3. Nc3 Bf5 4. e4 Bxe4 5. Nxe4 Nxe4 6. Qf3 d5 7. Qb3 Nc6 8. cxd5 Nb8 9. Qxb7 Nd7 10. Nf3 Nd6 11. Qc6 g6 12. Ne5 Rb8 13. Qa4 Rb6 14. Bd3 f6 15. Nc6 Qa8 16. 0-0 Kf7 17. Re1 Nb8 18. Nd8+ Kg8 19. Bf4 Nf7 20. Qe8 Nxd8 21. Bh6 Nd7 22. Rxe7 Qxd5 23. Rg7# 1-0